Sanat - "Laivat" - Rauli Badding Somerjoki - Statistics

Yleistilastot
  • Tätä visaa on pelattu 153 kertaa
  • Keskiarvotulos 86 / 143
Vastaustilastot
Sanat % Oikein
laivat
96%
mistä
86%
kaukaa
84%
kerro
84%
saivat
83%
purjeisiinsa
82%
ne
77%
myötätuulen
75%
uivat
74%
viestin
72%
jostain
71%
kaukaisen
69%
takaa
69%
tuovatko
69%
maasta
68%
mastot
68%
mulle
68%
merien
66%
vielä
66%
esiin
65%
lapsuudesta
65%
menneisyyden
63%
maitten
62%
valkolaivat
62%
jonka
61%
luulin
61%
kantaa
60%
lailla
60%
ja
59%
näin
59%
niinkuin
59%
pilvien
59%
tuuli
59%
sävelen
58%
uivatko
58%
unhoittuneen
58%
vuorten
58%
tänne
57%
usvan
57%
luokseni
56%
lumivalkolaivat
54%
mun
54%
sieltä
52%
soitto
52%
usvaverhojen
52%
kaikuu
48%
kajuutasta
46%
kauas
41%
taakse
39%
nään
37%
vilkuttavat
37%
jälleen
36%
jättävät
36%
minut
34%
neidot
34%
silloin
32%
vaeltava
31%
kastanjien
27%
ruskotuksen
27%
houkuttaa
24%
lupauksin
22%
luokseen
21%
mua
20%
kun
19%
saarten
19%
kangastukset
18%
Ehtoja vastaavia visoja ei löytynyt
Tulosjakauma
Jokaisen tuloksen saaneiden osuus
Persentiili vastausten määrän mukaan
Tuloshistoriasi
Et ole pelannut tätä visaa